| 000 | 00780cab a22001935a 4500 | ||
|---|---|---|---|
| 001 | L145644 | ||
| 008 | 081028e20081025xxk f g 000 0 eng d | ||
| 035 | _a(Sirsi) u145644 | ||
| 041 | 0 | _aeng | |
| 100 | 1 | _aFlannery, Glen | |
| 245 | 0 | 0 | _aAct appropriately to mitigate liability |
| 260 | _c2008 | ||
| 490 |
_aEstates Gazette _v(0842) 25 October 2008, 159(1) |
||
| 520 | _aArticle on insolvency provides advice for directors whose companies are in financial difficulty on how to avoid personal claims being made against them. The advice provided is very general and the author reminds directors to obtain specific professional advice before making any hasty decisions. | ||
| 590 | _aKA | ||
| 651 | 4 |
_aUnited Kingdom _y |
|
| 690 | _aMANAGEMENT-CORPORATE RECOVERY | ||
| 942 | _n0 | ||
| 999 |
_c80915 _d80915 |
||